000 00464nam a2200145 a 4500
999 _c5516
_d5516
001 5516
003 CDMR
005 20241104135547.0
008 130130s1924||||||||||||||||||||||||||||d
040 _aCDMR
_bcat
_cCPC GIRONA
110 2 _92092
_aCooperativa de Periodistas para la Construcción de Casas Baratas
245 0 _aReglamento de la Cooperativa de Periodistas para la construcción de casas baratas
260 _c1924
_bImprenta la Económica
942 _cMON
_2udc